[Event "Oberliga Ost B 2017 2018"]
[Site "Germany"]
[Date "2018.02.04"]
[Round "7.1"]
[White "Brueggemann, Ludger"]
[Black "Chojnacki, Krzysztof"]
[Result "0-1"]
[WhiteElo "2285"]
[BlackElo "2377"]
[PlyCount "82"]
[EventDate "2017.10.22"]
[EventType "team-tourn"]
[EventCountry "GER"]
[WhiteTeam "Frankfurter TV"]
[BlackTeam "Wiesbadener SV"]
[WhiteTeamCountry "GER"]
[BlackTeamCountry "GER"]

1. e4 d6 2. Nc3 Nf6 3. g3 g6 4. Bg2 Bg7 5. d3 c5 6. Nf3 Nc6 7. O-O O-O 8. h3 d5
9. e5 Ne8 10. Bf4 Nc7 11. Qd2 Re8 12. Rae1 Ne6 13. Bh6 d4 14. Ne4 Nxe5 15. Nxe5
Bxe5 16. Nxc5 Qc7 17. Ne4 Bg7 18. Bxg7 Kxg7 19. Re2 Bd7 20. Rfe1 Rac8 21. Ng5
Qd6 22. Nxe6+ Bxe6 23. Qa5 Qc5 24. b4 Qxa5 25. bxa5 Rc5 26. Bxb7 Rxa5 27. a4
Rb8 28. Bc6 Rc8 29. Bb5 a6 30. Bc4 Bxc4 31. dxc4 e6 32. Rb1 Rxc4 33. Rb7 Kf6
34. Re4 Rcxa4 35. Rf4+ Rf5 36. Rh4 h5 37. Rd7 Rc4 38. Rhxd4 Rxc2 39. Rd2 Rxd2
40. Rxd2 Rd5 41. Ra2 a5 0-1

[Event "Oberliga Ost B 2017 2018"]
[Site "Germany"]
[Date "2018.02.04"]
[Round "7.2"]
[White "Geske, Julian"]
[Black "Telljohann, Sven"]
[Result "1/2-1/2"]
[WhiteElo "2398"]
[BlackElo "2391"]
[PlyCount "74"]
[EventDate "2017.10.22"]
[EventType "team-tourn"]
[EventCountry "GER"]
[WhiteTeam "Wiesbadener SV"]
[BlackTeam "Frankfurter TV"]
[WhiteTeamCountry "GER"]
[BlackTeamCountry "GER"]

1. e4 g6 2. d4 Bg7 3. Nc3 d6 4. f4 a6 5. Nf3 Bg4 6. Be3 e6 7. h3 Bxf3 8. Qxf3
Ne7 9. g4 d5 10. exd5 Nxd5 11. Nxd5 Qxd5 12. Bg2 Qxf3 13. Bxf3 Nc6 14. O-O-O
O-O-O 15. d5 Ne7 16. dxe6 fxe6 17. Rxd8+ Rxd8 18. Re1 Nc6 19. c3 Re8 20. Kc2
Bh6 21. Bxc6 bxc6 22. Bc1 Bf8 23. Re4 Bd6 24. Kd3 Kd7 25. Be3 h5 26. Ra4 hxg4
27. hxg4 Rh8 28. Rxa6 Rh4 29. Ra5 Rxg4 30. Rg5 Rh4 31. Rxg6 Bxf4 32. Bxf4 Rxf4
33. b4 c5 34. bxc5 Ra4 35. Rg7+ Kc6 36. Re7 Rxa2 37. Rxe6+ Kxc5 1/2-1/2

[Event "Oberliga Ost B 2017 2018"]
[Site "Germany"]
[Date "2018.02.04"]
[Round "7.3"]
[White "du Maire, Jerome"]
[Black "Dubkov, Andrej"]
[Result "0-1"]
[WhiteElo "2154"]
[BlackElo "2328"]
[PlyCount "62"]
[EventDate "2017.10.22"]
[EventType "team-tourn"]
[EventCountry "GER"]
[WhiteTeam "Frankfurter TV"]
[BlackTeam "Wiesbadener SV"]
[WhiteTeamCountry "GER"]
[BlackTeamCountry "GER"]

1. d4 d5 2. c4 c6 3. Nf3 dxc4 4. e3 b5 5. a4 e6 6. axb5 cxb5 7. b3 Bb4+ 8. Bd2
Bxd2+ 9. Nbxd2 a5 10. bxc4 b4 11. c5 Nf6 12. Bb5+ Bd7 13. Bxd7+ Nbxd7 14. Qa4
O-O 15. Nc4 Ne4 16. Nxa5 Ndxc5 17. Qb5 Nd3+ 18. Qxd3 Rxa5 19. O-O Nc3 20. Qc4
Qa8 21. Rxa5 Qxa5 22. Ne5 Rb8 23. Nc6 Qb5 24. Qc5 Ne2+ 25. Kh1 Ng3+ 26. hxg3
Qxf1+ 27. Kh2 Qb5 28. Nxb8 Qxb8 29. Qc1 b3 30. Qb2 h5 31. Kg1 Qb5 0-1

[Event "Oberliga Ost B 2017 2018"]
[Site "Germany"]
[Date "2018.02.04"]
[Round "7.4"]
[White "Gottschalk, Jens"]
[Black "Diyap, Murat"]
[Result "1-0"]
[WhiteElo "2268"]
[BlackElo "2093"]
[PlyCount "73"]
[EventDate "2017.10.22"]
[EventType "team-tourn"]
[EventCountry "GER"]
[WhiteTeam "Wiesbadener SV"]
[BlackTeam "Frankfurter TV"]
[WhiteTeamCountry "GER"]
[BlackTeamCountry "GER"]

1. d4 d5 2. c4 c6 3. Nf3 Nf6 4. e3 Nbd7 5. b3 g6 6. Bb2 Bg7 7. Bd3 O-O 8. Nbd2
b6 9. O-O Bb7 10. Qe2 c5 11. Rfe1 Re8 12. Rad1 cxd4 13. exd4 Nf8 14. Ne5 Qd6
15. Ndf3 Bh6 16. Bc1 Bxc1 17. Rxc1 N6d7 18. Ng5 f6 19. Nxd7 Qxd7 20. Nf3 a6 21.
c5 bxc5 22. Rxc5 Kf7 23. Qe3 Ne6 24. Qh6 Kg8 25. Rc2 Qd6 26. g3 Bc8 27. Nh4
Nxd4 28. Bxg6 hxg6 29. Qxg6+ Kf8 30. Qh6+ Kg8 31. Qg6+ Kf8 32. Qh7 Bf5 33. Nxf5
Nxf5 34. Qxf5 e5 35. Rec1 Qe6 36. Qh7 Red8 37. Rc7 1-0

[Event "Oberliga Ost B 2017 2018"]
[Site "Germany"]
[Date "2018.02.04"]
[Round "7.5"]
[White "Neininger, Ralph"]
[Black "Ress, Tamas"]
[Result "1/2-1/2"]
[WhiteElo "2064"]
[BlackElo "2314"]
[PlyCount "72"]
[EventDate "2017.10.22"]
[EventType "team-tourn"]
[EventCountry "GER"]
[WhiteTeam "Frankfurter TV"]
[BlackTeam "Wiesbadener SV"]
[WhiteTeamCountry "GER"]
[BlackTeamCountry "GER"]

1. d4 f5 2. Nf3 Nf6 3. g3 g6 4. Bg2 Bg7 5. O-O d6 6. Nbd2 O-O 7. Re1 Nc6 8. e4
fxe4 9. Nxe4 Nxe4 10. Rxe4 Bf5 11. Re1 Nb4 12. Nh4 Bxc2 13. Qd2 c5 14. dxc5
dxc5 15. Bxb7 Qxd2 16. Bxd2 Bxb2 17. Bxa8 Rxa8 18. Rac1 Bxc1 19. Rxc1 Be4 20.
f3 Nxa2 21. Rxc5 Rd8 22. Bg5 Rd1+ 23. Kf2 Bb1 24. Rc8+ Kf7 25. Rc7 a5 26. Rxe7+
Kf8 27. Rxh7 a4 28. Ra7 Bc2 29. Nxg6+ Bxg6 30. Rxa4 Nc3 31. Ra8+ Kf7 32. Ra7+
Ke6 33. Re7+ Kd6 34. h4 Nd5 35. Re1 Rd3 36. Re2 Rb3 1/2-1/2

[Event "Oberliga Ost B 2017 2018"]
[Site "Germany"]
[Date "2018.02.04"]
[Round "7.6"]
[White "Minor, Samuel"]
[Black "Henrich, David"]
[Result "1-0"]
[WhiteElo "2244"]
[BlackElo "2092"]
[PlyCount "73"]
[EventDate "2017.10.22"]
[EventType "team-tourn"]
[EventCountry "GER"]
[WhiteTeam "Wiesbadener SV"]
[BlackTeam "Frankfurter TV"]
[WhiteTeamCountry "GER"]
[BlackTeamCountry "GER"]

1. e4 e5 2. Nf3 d6 3. d4 exd4 4. Nxd4 Nf6 5. Nc3 Be7 6. Be2 O-O 7. O-O c5 8.
Nb3 Nc6 9. Bf4 Be6 10. Qd2 d5 11. e5 Ne8 12. Rfd1 c4 13. Nd4 Nc7 14. Bf3 Bb4
15. a3 Nxd4 16. Qxd4 Bxc3 17. Qxc3 Qe7 18. a4 b5 19. axb5 Nxb5 20. Qa5 Qc5 21.
Rd2 c3 22. bxc3 Qxc3 23. h3 Rfd8 24. Rd3 Qxa5 25. Rxa5 a6 26. Bg5 Rdc8 27. Rxd5
Bxd5 28. Bxd5 Ra7 29. e6 f6 30. Be3 Re7 31. Rxa6 Nc7 32. Rc6 Rce8 33. Bb3 Nxe6
34. Bc5 Kf7 35. Bxe7 Rxe7 36. Rxe6 Rxe6 37. Kf1 1-0

[Event "Oberliga Ost B 2017 2018"]
[Site "Germany"]
[Date "2018.02.04"]
[Round "7.8"]
[White "Kayser, Felix"]
[Black "Krzesinski, Paul"]
[Result "1-0"]
[WhiteElo "2149"]
[BlackElo "2087"]
[PlyCount "41"]
[EventDate "2017.10.22"]
[EventType "team-tourn"]
[EventCountry "GER"]
[WhiteTeam "Wiesbadener SV"]
[BlackTeam "Frankfurter TV"]
[WhiteTeamCountry "GER"]
[BlackTeamCountry "GER"]

1. e4 e5 2. Nf3 Nc6 3. d4 exd4 4. Bc4 Nf6 5. e5 d5 6. Bb5 Ne4 7. Nxd4 Bd7 8.
Bxc6 bxc6 9. O-O Bc5 10. f3 Ng5 11. f4 Ne4 12. Be3 Qe7 13. Nd2 Nd6 14. Re1 Nf5
15. Nxf5 Bxf5 16. Nb3 Bb6 17. Nd4 Qd7 18. e6 Bxe6 19. f5 O-O 20. fxe6 fxe6 21.
Nxe6 1-0

[Event "Oberliga Ost B 2017 2018"]
[Site "Germany"]
[Date "2018.02.04"]
[Round "7.1"]
[White "Lubbe, Nikolas"]
[Black "Henrich, Thomas"]
[Result "1-0"]
[WhiteElo "2515"]
[BlackElo "2310"]
[PlyCount "125"]
[EventDate "2017.10.22"]
[EventType "team-tourn"]
[EventCountry "GER"]
[WhiteTeam "Neuberg SF"]
[BlackTeam "Marburg SK"]
[WhiteTeamCountry "GER"]
[BlackTeamCountry "GER"]

1. Nf3 c5 2. e4 d6 3. d4 cxd4 4. Nxd4 Nf6 5. Nc3 g6 6. Be2 Nc6 7. Nf3 Bg7 8.
O-O O-O 9. h3 b6 10. Re1 Bb7 11. Bf1 Rc8 12. Rb1 Nd7 13. Nd5 e6 14. Nc3 Nde5
15. Nxe5 Bxe5 16. Bh6 Re8 17. Nb5 Qf6 18. c3 a6 19. Na3 d5 20. Qd2 dxe4 21. Bg5
Qg7 22. Rxe4 Ne7 23. Ree1 Nf5 24. Rbd1 b5 25. Nc2 h6 26. Bf4 Bf6 27. Ne3 Kh7
28. Ng4 Be7 29. Bd3 Rcd8 30. Qc2 h5 31. Ne3 Bc5 32. Be4 Bxe3 33. Bxe3 Nxe3 34.
Rxe3 Bxe4 35. Rxe4 Qf6 36. Red4 Rxd4 37. Rxd4 e5 38. Rd5 Rd8 39. Rxd8 Qxd8 40.
c4 bxc4 41. Qxc4 Qf6 42. b4 Kg7 43. a4 e4 44. b5 axb5 45. axb5 Qa1+ 46. Qf1 Qb2
47. h4 Qd4 48. Qe2 Kf6 49. g3 Ke5 50. Kg2 Kd6 51. Qa2 Qd5 52. Qa3+ Qc5 53. Qa6+
Kc7 54. Qa2 Kb6 55. Qxf7 Qd6 56. Qc4 Qf6 57. Qxe4 Kxb5 58. Qd5+ Kb4 59. Qf3 Qe6
60. Qf4+ Kb5 61. Kf3 Ka6 62. Qa4+ Kb7 63. Qe4+ 1-0

[Event "Oberliga Ost B 2017 2018"]
[Site "Germany"]
[Date "2018.02.04"]
[Round "7.2"]
[White "Feldtmann, Thomas"]
[Black "Lubbe, Melanie"]
[Result "0-1"]
[WhiteElo "2221"]
[BlackElo "2286"]
[PlyCount "118"]
[EventDate "2017.10.22"]
[EventType "team-tourn"]
[EventCountry "GER"]
[WhiteTeam "Marburg SK"]
[BlackTeam "Neuberg SF"]
[WhiteTeamCountry "GER"]
[BlackTeamCountry "GER"]

1. d4 Nf6 2. c4 g6 3. Nf3 Bg7 4. e3 d6 5. Nc3 O-O 6. Be2 Nbd7 7. O-O e5 8. Qc2
Re8 9. Rd1 c6 10. dxe5 dxe5 11. Rb1 a5 12. a3 e4 13. Nd2 Qe7 14. b4 axb4 15.
axb4 c5 16. Nb5 Qe5 17. Bb2 Qb8 18. bxc5 Nxc5 19. Bd4 b6 20. Nf1 Nd3 21. Ng3
Ne5 22. Nc3 h5 23. Rxb6 Qc7 24. Nb5 Qe7 25. Nd6 Rd8 26. Ngxe4 Nxe4 27. Qxe4 Ra2
28. Nxc8 Rxc8 29. Bf1 Rxf2 30. Bxe5 Rf5 31. Qb7 Qxb7 32. Rxb7 Rxe5 33. Rb3 Bh6
34. Kf2 Rce8 35. Re1 f5 36. g3 f4 37. gxf4 Bxf4 38. h3 h4 39. Re2 Bg3+ 40. Kg1
Rd8 41. Reb2 Rd1 42. Kg2 Rg5 43. Be2 Be5+ 44. Kf3 Rd8 45. Rc2 Re8 46. Bf1 Rg3+
47. Kf2 Rf8+ 48. Ke2 Kg7 49. Rb1 Rff3 50. Rb3 Rf7 51. Rc1 Rgf3 52. Rbb1 Bb2 53.
Rd1 Ba3 54. Kd2 Bc5 55. Re1 Rd7+ 56. Kc2 Bxe3 57. Rb3 Rf2+ 58. Re2 Rxe2+ 59.
Bxe2 Rd2+ 0-1

[Event "Oberliga Ost B 2017 2018"]
[Site "Germany"]
[Date "2018.02.04"]
[Round "7.3"]
[White "Sergin, Mark"]
[Black "Alber, Horst"]
[Result "0-1"]
[WhiteElo "2192"]
[BlackElo "2296"]
[PlyCount "70"]
[EventDate "2017.10.22"]
[EventType "team-tourn"]
[EventCountry "GER"]
[WhiteTeam "Neuberg SF"]
[BlackTeam "Marburg SK"]
[WhiteTeamCountry "GER"]
[BlackTeamCountry "GER"]

1. e4 g6 2. d4 Bg7 3. Nc3 d6 4. f4 Nc6 5. Be3 Nf6 6. Nf3 O-O 7. Qd2 e5 8. fxe5
dxe5 9. d5 Nd4 10. Bg5 h6 11. Bxf6 Nxf3+ 12. gxf3 Bxf6 13. Rg1 Bh4+ 14. Kd1 Kh7
15. Ne2 c6 16. c4 b5 17. Nc3 Qb6 18. Rh1 Bg5 19. Qg2 bxc4 20. Kc2 Rb8 21. Rb1
cxd5 22. Nxd5 Qa6 23. Nc3 Bd7 24. b3 cxb3+ 25. axb3 Qa5 26. Bc4 Rfc8 27. Qe2
Be6 28. Rb2 Rxb3 29. Kxb3 Rb8+ 30. Kc2 Rxb2+ 31. Kxb2 Qb4+ 32. Kc2 Bxc4 33. Rb1
Qxc3+ 34. Kxc3 Bxe2 35. Rb7 Kg7 0-1

[Event "Oberliga Ost B 2017 2018"]
[Site "Germany"]
[Date "2018.02.04"]
[Round "7.4"]
[White "Dorst, Johannes"]
[Black "Seifert, Christopher"]
[Result "1/2-1/2"]
[WhiteElo "2207"]
[BlackElo "2290"]
[PlyCount "74"]
[EventDate "2017.10.22"]
[EventType "team-tourn"]
[EventCountry "GER"]
[WhiteTeam "Marburg SK"]
[BlackTeam "Neuberg SF"]
[WhiteTeamCountry "GER"]
[BlackTeamCountry "GER"]

1. Nf3 c5 2. c4 g6 3. g3 Bg7 4. Bg2 Nc6 5. Nc3 d6 6. a3 e5 7. d3 Nge7 8. Rb1 f5
9. Bd2 O-O 10. b4 h6 11. b5 Nd4 12. Nxd4 cxd4 13. Nd5 Be6 14. Nxe7+ Qxe7 15.
O-O f4 16. e3 dxe3 17. fxe3 fxg3 18. hxg3 Rxf1+ 19. Qxf1 Rf8 20. Qe2 Qg5 21.
Be1 Bg4 22. Qd2 Bf3 23. e4 Qg4 24. Qe3 h5 25. Rb2 Bxg2 26. Kxg2 Qd1 27. Qe2 Qc1
28. Qd2 Qa1 29. Ra2 Qb1 30. Rb2 Qa1 31. Ra2 Qb1 32. Bf2 a6 33. Qc2 Qxc2 34.
Rxc2 Ra8 35. Rc3 Bh6 36. Be1 Be3 37. Rb3 Bc5 1/2-1/2

[Event "Oberliga Ost B 2017 2018"]
[Site "Germany"]
[Date "2018.02.04"]
[Round "7.5"]
[White "Overbeck, Thorsten"]
[Black "Rolle, Eric"]
[Result "1/2-1/2"]
[WhiteElo "2306"]
[BlackElo "2196"]
[PlyCount "93"]
[EventDate "2017.10.22"]
[EventType "team-tourn"]
[EventCountry "GER"]
[WhiteTeam "Neuberg SF"]
[BlackTeam "Marburg SK"]
[WhiteTeamCountry "GER"]
[BlackTeamCountry "GER"]

1. d4 Nf6 2. c4 e6 3. Nf3 Bb4+ 4. Nbd2 d5 5. g3 O-O 6. Bg2 a5 7. O-O Nbd7 8.
Qc2 Be7 9. e4 dxc4 10. Nxc4 b5 11. Nce5 Nxe5 12. Nxe5 Qxd4 13. Nc6 Qc5 14.
Nxe7+ Qxe7 15. Bg5 e5 16. Rfc1 h6 17. Qc6 Ra6 18. Bxf6 Qxf6 19. Qxc7 Bg4 20. h3
Be2 21. Rc2 Bd3 22. Rd2 Bc4 23. b3 Be6 24. Qb7 Raa8 25. Qxb5 Rfb8 26. Qc5 Qg5
27. Rad1 a4 28. b4 Rc8 29. h4 Qxd2 30. Rxd2 Rxc5 31. bxc5 a3 32. Bf1 Rb8 33.
Rd3 Rb1 34. Kg2 Rc1 35. Rxa3 Rxc5 36. Ra8+ Kh7 37. Bd3 Rc3 38. Bb5 Bg4 39. f4
exf4 40. gxf4 Bf3+ 41. Kh2 Bxe4 42. Ra7 Rc2+ 43. Kg3 Rc3+ 44. Kh2 Bd5 45. a4
Kg6 46. Bd7 Rc2+ 47. Kg3 1/2-1/2

[Event "Oberliga Ost B 2017 2018"]
[Site "Germany"]
[Date "2018.02.04"]
[Round "7.6"]
[White "Duncker, Joachim"]
[Black "Koller, Jens"]
[Result "0-1"]
[WhiteElo "2243"]
[BlackElo "2199"]
[PlyCount "102"]
[EventDate "2017.10.22"]
[EventType "team-tourn"]
[EventCountry "GER"]
[WhiteTeam "Marburg SK"]
[BlackTeam "Neuberg SF"]
[WhiteTeamCountry "GER"]
[BlackTeamCountry "GER"]

1. e4 c5 2. Nc3 e6 3. Nge2 Nc6 4. g3 a6 5. Bg2 Nge7 6. O-O g6 7. d4 cxd4 8.
Nxd4 Bg7 9. Be3 O-O 10. h3 Na5 11. b3 Qc7 12. Qd2 b5 13. Rad1 Bb7 14. Nde2 Rfd8
15. Bf4 e5 16. Bg5 f6 17. Be3 d6 18. a4 Bc6 19. axb5 axb5 20. Nd5 Bxd5 21. exd5
Rdc8 22. Qb4 Nf5 23. Bd2 Bh6 24. Be4 Bxd2 25. Rxd2 Nb7 26. Qxb5 Nc5 27. Bg2
Rab8 28. Qc4 Qa5 29. Rdd1 Nxb3 30. Qg4 Nc5 31. Ra1 Qd2 32. c3 Rb2 33. Bf3 Rcb8
34. Rfd1 Qc2 35. Rac1 Qb3 36. h4 Ra8 37. Ra1 Rxa1 38. Rxa1 Rb1+ 39. Rxb1 Qxb1+
40. Kh2 Qf1 41. Bg2 Qxf2 42. Qf3 Qe1 43. Ng1 e4 44. Qg4 Kg7 45. h5 Qf2 46. Nh3
Qe3 47. Nf4 Ne7 48. Ne6+ Nxe6 49. Qxe6 Nf5 50. Qxe4 Qxg3+ 51. Kh1 Qxc3 0-1

[Event "Oberliga Ost B 2017 2018"]
[Site "Germany"]
[Date "2018.02.04"]
[Round "7.7"]
[White "Bethke, Richard"]
[Black "Heiling, Thomas"]
[Result "1-0"]
[WhiteElo "2063"]
[BlackElo "2217"]
[PlyCount "73"]
[EventDate "2017.10.22"]
[EventType "team-tourn"]
[EventCountry "GER"]
[WhiteTeam "Neuberg SF"]
[BlackTeam "Marburg SK"]
[WhiteTeamCountry "GER"]
[BlackTeamCountry "GER"]

1. e4 e6 2. d4 d5 3. Nd2 c5 4. exd5 exd5 5. Ngf3 Nc6 6. dxc5 Bxc5 7. Nb3 Bd6 8.
Be2 Nge7 9. O-O O-O 10. Nbd4 Bg4 11. h3 Bh5 12. c3 Re8 13. Re1 Rc8 14. Be3 Bb8
15. Bd3 Bg6 16. Bxg6 hxg6 17. Bg5 f6 18. Ne6 Qb6 19. Bc1 Ne5 20. Nf4 Rcd8 21.
Nd4 g5 22. Nd3 N7g6 23. Be3 Nc4 24. Qh5 Kf7 25. Nf5 Qc7 26. Qh7 Qh2+ 27. Kf1
Qh1+ 28. Ke2 Rxe3+ 29. Nxe3 Qh2 30. Nf5 Re8+ 31. Kd1 Rxe1+ 32. Nxe1 Qf4 33.
Qxg7+ Ke6 34. Nd4+ Kd6 35. Nef3 Nge5 36. Qf8+ Kc7 37. Ne6+ 1-0

[Event "Oberliga Ost B 2017 2018"]
[Site "Germany"]
[Date "2018.02.04"]
[Round "7.8"]
[White "Neidhardt, Helge"]
[Black "Lehnert, Christian"]
[Result "0-1"]
[WhiteElo "2087"]
[BlackElo "2152"]
[PlyCount "106"]
[EventDate "2017.10.22"]
[EventType "team-tourn"]
[EventCountry "GER"]
[WhiteTeam "Marburg SK"]
[BlackTeam "Neuberg SF"]
[WhiteTeamCountry "GER"]
[BlackTeamCountry "GER"]

1. d4 d5 2. c4 e6 3. Nf3 c5 4. cxd5 exd5 5. g3 Nc6 6. Bg2 Nf6 7. O-O Be7 8.
dxc5 Bxc5 9. Bg5 O-O 10. Nbd2 Be7 11. Nb3 Qb6 12. Be3 Qa6 13. Bc5 Re8 14. Bxe7
Rxe7 15. e3 Bg4 16. h3 Bh5 17. Nbd4 Bg6 18. a3 Rc8 19. b4 Nxd4 20. Nxd4 Rec7
21. Qb3 Rc3 22. Qb2 Qc4 23. Rfd1 a6 24. a4 h6 25. b5 a5 26. Ra3 Qb4 27. Qxb4
axb4 28. Rxc3 Rxc3 29. a5 b3 30. Nxb3 Rxb3 31. a6 Rxb5 32. axb7 Rxb7 33. Bxd5
Nxd5 34. Rxd5 Rb1+ 35. Kh2 Be4 36. Rd8+ Kh7 37. g4 g5 38. f4 Rb2+ 39. Kg1 Rg2+
40. Kf1 Rh2 41. Re8 Bf3 42. Re5 f6 43. Re7+ Kg8 44. fxg5 hxg5 45. Ra7 Rxh3 46.
Ra4 Rh2 47. Rb4 Rg2 48. Rb3 Rxg4 49. Kf2 Be4 50. Rb4 Kg7 51. Ra4 Kg6 52. Rb4
Rg2+ 53. Kf1 Bf3 0-1

[Event "Oberliga Ost B 2017 2018"]
[Site "Germany"]
[Date "2018.02.04"]
[Round "7.3"]
[White "Nazarenus, Moritz"]
[Black "Schlamp, Robert"]
[Result "1/2-1/2"]
[WhiteElo "2241"]
[BlackElo "2297"]
[PlyCount "26"]
[EventDate "2017.10.22"]
[EventType "team-tourn"]
[EventCountry "GER"]
[WhiteTeam "Schoeneck SF"]
[BlackTeam "Oberursel SV"]
[WhiteTeamCountry "GER"]
[BlackTeamCountry "GER"]

1. d4 Nf6 2. c4 g6 3. Nc3 Bg7 4. e4 d6 5. f3 O-O 6. Be3 e5 7. d5 Nh5 8. Nge2 f5
9. Qd2 Nd7 10. O-O-O a5 11. exf5 gxf5 12. f4 Ndf6 13. g3 Bd7 1/2-1/2

[Event "Oberliga Ost B 2017 2018"]
[Site "Germany"]
[Date "2018.02.04"]
[Round "7.5"]
[White "Everett, Elijah"]
[Black "Oparaugo, Thomas"]
[Result "1-0"]
[WhiteElo "2168"]
[BlackElo "2095"]
[PlyCount "73"]
[EventDate "2017.10.22"]
[EventType "team-tourn"]
[EventCountry "GER"]
[WhiteTeam "Schoeneck SF"]
[BlackTeam "Oberursel SV"]
[WhiteTeamCountry "GER"]
[BlackTeamCountry "GER"]

1. e4 e5 2. Nf3 Nc6 3. Bb5 a6 4. Ba4 Nf6 5. O-O Be7 6. Re1 b5 7. Bb3 d6 8. c3
O-O 9. h3 Na5 10. Bc2 c5 11. d4 Nd7 12. Nbd2 cxd4 13. cxd4 Nc6 14. d5 Nb4 15.
Bb1 a5 16. a3 Na6 17. Bd3 b4 18. Nc4 Ndc5 19. Bf1 b3 20. Bd2 a4 21. Ba5 Qe8 22.
Nfd2 f5 23. f4 fxe4 24. fxe5 Bh4 25. Re2 Qg6 26. e6 Bb7 27. Nb6 e3 28. Ndc4
Bf2+ 29. Kh1 Ne4 30. Nxa8 Rf3 31. Rxe3 Ng3+ 32. Kh2 Nxf1+ 33. Qxf1 Bg3+ 34. Kh1
Rxf1+ 35. Rxf1 Bxd5 36. e7 Bf7 37. Rxf7 1-0

[Event "Oberliga Ost B 2017 2018"]
[Site "Germany"]
[Date "2018.02.04"]
[Round "7.6"]
[White "Olesiak, Marcin"]
[Black "Stockmann, Michael"]
[Result "0-1"]
[WhiteElo "2076"]
[BlackElo "2238"]
[PlyCount "66"]
[EventDate "2017.10.22"]
[EventType "team-tourn"]
[EventCountry "GER"]
[WhiteTeam "Oberursel SV"]
[BlackTeam "Schoeneck SF"]
[WhiteTeamCountry "GER"]
[BlackTeamCountry "GER"]

1. d4 d5 2. c4 e6 3. Nf3 Nf6 4. g3 dxc4 5. Bg2 a6 6. O-O Nc6 7. Nc3 Rb8 8. e4
b5 9. Be3 Be7 10. d5 Nb4 11. Ne5 Nd7 12. Nxf7 Kxf7 13. dxe6+ Kxe6 14. a3 Nd3
15. Qh5 N7e5 16. Bh3+ Kd6 17. f4 g6 18. fxe5+ Kc6 19. Qh6 Bf8 20. Rxf8 Qxf8 21.
e6 Qxh6 22. Bxh6 Re8 23. Rf1 Bxe6 24. Rf6 Kd7 25. Rxe6 Rxe6 26. Nd5 Kd6 27.
Bxe6 Kxe6 28. Nxc7+ Ke5 29. Bg7+ Kxe4 30. Nxa6 Rb6 31. Nb4 Nxb4 32. axb4 Rd6
33. Bc3 Kf3 0-1

[Event "Oberliga Ost B 2017 2018"]
[Site "Germany"]
[Date "2018.02.04"]
[Round "7.7"]
[White "Meyer, Kai Christian"]
[Black "Stork, Oliver"]
[Result "1-0"]
[WhiteElo "2158"]
[BlackElo "2093"]
[PlyCount "77"]
[EventDate "2017.10.22"]
[EventType "team-tourn"]
[EventCountry "GER"]
[WhiteTeam "Schoeneck SF"]
[BlackTeam "Oberursel SV"]
[WhiteTeamCountry "GER"]
[BlackTeamCountry "GER"]

1. c4 e6 2. Qa4 Nf6 3. g3 Be7 4. Bg2 O-O 5. Nf3 d5 6. O-O c5 7. d4 Nc6 8. Rd1
Qb6 9. Qb5 Qxb5 10. cxb5 Nxd4 11. Nxd4 cxd4 12. Rxd4 e5 13. Rd1 Bg4 14. Kf1
Rac8 15. h3 Be6 16. g4 Rc2 17. Nc3 d4 18. Ne4 Bc4 19. Nxf6+ Bxf6 20. Rd2 Rxd2
21. Bxd2 Bxb5 22. Bxb7 Rb8 23. Rc1 h5 24. Bd5 hxg4 25. hxg4 Bd7 26. Rc7 Bxg4
27. Bxf7+ Kh7 28. b4 Rc8 29. Rxc8 Bxc8 30. b5 Be7 31. Ba5 g5 32. Bc7 Kg7 33.
Bd5 Kf6 34. a4 Bb4 35. a5 Bd7 36. b6 axb6 37. a6 d3 38. exd3 Bb5 39. a7 1-0

[Event "Oberliga Ost B 2017 2018"]
[Site "Germany"]
[Date "2018.02.04"]
[Round "7.8"]
[White "Shashkin, Igor"]
[Black "Mueller, Achim"]
[Result "1/2-1/2"]
[WhiteElo "2076"]
[BlackElo "2137"]
[PlyCount "22"]
[EventDate "2017.10.22"]
[EventType "team-tourn"]
[EventCountry "GER"]
[WhiteTeam "Oberursel SV"]
[BlackTeam "Schoeneck SF"]
[WhiteTeamCountry "GER"]
[BlackTeamCountry "GER"]

1. e4 g6 2. d4 Bg7 3. Nc3 a6 4. f4 b5 5. Nf3 Bb7 6. Bd3 d6 7. O-O Nf6 8. Qe1 c5
9. e5 Ng4 10. dxc5 dxe5 11. Qg3 Qc8 1/2-1/2

[Event "Oberliga Ost B 2017 2018"]
[Site "Germany"]
[Date "2018.02.04"]
[Round "7.1"]
[White "Kuznecovs, Nikita"]
[Black "Strache, Michael"]
[Result "1-0"]
[WhiteElo "2130"]
[BlackElo "2287"]
[PlyCount "63"]
[EventDate "2017.10.22"]
[EventType "team-tourn"]
[EventCountry "GER"]
[WhiteTeam "Stadtilm SG BW"]
[BlackTeam "Sangerhausen SV"]
[WhiteTeamCountry "GER"]
[BlackTeamCountry "GER"]

1. d4 f5 2. Bg5 g6 3. Nc3 Nh6 4. Nf3 Nf7 5. Bh4 Bg7 6. e3 O-O 7. Bc4 c6 8. d5
Kh8 9. O-O d6 10. Re1 h6 11. h3 g5 12. Bg3 Qe8 13. h4 b5 14. Bb3 c5 15. a4 b4
16. Ne2 Bxb2 17. c3 bxc3 18. Rb1 Na6 19. hxg5 Nxg5 20. Nf4 Nb4 21. Kh2 Ne4 22.
Rh1 Kh7 23. Kg1 Bd7 24. Nh5 Rg8 25. Bf4 Rg6 26. Nh4 c4 27. Nxg6 Qxg6 28. Bc2
Nc5 29. Ng3 Bxa4 30. Bxa4 Nxa4 31. Qxa4 c2 32. Rf1 1-0

[Event "Oberliga Ost B 2017 2018"]
[Site "Germany"]
[Date "2018.02.04"]
[Round "7.2"]
[White "Richter, Dustin"]
[Black "Siebarth, Raiko"]
[Result "0-1"]
[WhiteElo "2176"]
[BlackElo "2288"]
[PlyCount "64"]
[EventDate "2017.10.22"]
[EventType "team-tourn"]
[EventCountry "GER"]
[WhiteTeam "Sangerhausen SV"]
[BlackTeam "Stadtilm SG BW"]
[WhiteTeamCountry "GER"]
[BlackTeamCountry "GER"]

1. d4 Nf6 2. Nf3 b6 3. c4 e6 4. e3 Bb7 5. Bd3 Ne4 6. O-O f5 7. Qc2 g6 8. d5
exd5 9. cxd5 Bxd5 10. Nc3 Be6 11. Nxe4 fxe4 12. Bxe4 d5 13. Rd1 Bd6 14. Nd4 Bf7
15. Bf3 O-O 16. e4 Nd7 17. exd5 Ne5 18. Qe4 Qf6 19. Be3 Rfe8 20. Qc2 Rad8 21.
h3 Bc5 22. Be4 Nc4 23. Bxg6 Qxg6 24. Qxc4 Bxd5 25. Qf1 Rd7 26. Rd2 Rg7 27. Bf4
Qe4 28. Bg3 Bxd4 29. Rad1 Rxg3 30. Rxd4 Rxg2+ 31. Kh1 Rg1+ 32. Kxg1 Qh1# 0-1

[Event "Oberliga Ost B 2017 2018"]
[Site "Germany"]
[Date "2018.02.04"]
[Round "7.3"]
[White "Schneider, Christian"]
[Black "Hillmann, Michael"]
[Result "0-1"]
[WhiteElo "2215"]
[BlackElo "2159"]
[PlyCount "74"]
[EventDate "2017.10.22"]
[EventType "team-tourn"]
[EventCountry "GER"]
[WhiteTeam "Stadtilm SG BW"]
[BlackTeam "Sangerhausen SV"]
[WhiteTeamCountry "GER"]
[BlackTeamCountry "GER"]

1. e4 d5 2. exd5 Qxd5 3. Nc3 Qd8 4. d4 Nf6 5. Nf3 c6 6. Bc4 Bf5 7. Ne5 e6 8. g4
Be4 9. Nxe4 Nxe4 10. Nxf7 Kxf7 11. Qf3+ Nf6 12. g5 Qxd4 13. gxf6 Qxf6 14. Qh3
g6 15. Be3 Bg7 16. Rd1 Re8 17. Rd4 Kg8 18. Rf4 Qe5 19. Rh4 Nd7 20. Rxh7 Nf8 21.
Rh4 Qxb2 22. O-O Qxc2 23. Rf4 b6 24. Qf3 Rac8 25. Rf7 Qxc4 26. Rxa7 Qc3 27.
Qf7+ Kh8 28. Rd1 Qf6 29. Qb7 Rcd8 30. Rc1 Rd7 31. Qxb6 Rxa7 32. Qxa7 Rd8 33. a4
Qf3 34. a5 g5 35. Qe7 Rd5 36. a6 Ng6 37. Qe8+ Kh7 0-1